| 000 | 00602nam a22002057a 4500 | ||
|---|---|---|---|
| 003 | OSt | ||
| 005 | 20140310182830.0 | ||
| 008 | 130601t xxu||||| |||| 00| 0 eng d | ||
| 020 | _a9780486478715 | ||
| 050 |
_aGT 510 _b.W667 2011 |
||
| 082 |
_aM 391.009 _bW667 2011 |
||
| 245 |
_aFolk and festival costume : _ba historical survey with over 600 illustrations _cWilcox, R. Turner |
||
| 260 |
_aMineola, N.Y : _bDover Publications, _cc2011. |
||
| 300 |
_a222 p. _bill. ; _c23 cm. |
||
| 521 | _aCollege Students | ||
| 526 | _c1210L-1700L | ||
| 541 | _j1 | ||
| 562 | _e1 | ||
| 942 |
_2lcc _cBK _kM |
||
| 999 |
_c16610 _d16610 |
||